000
00261nam a22001097a 4500
040
_c
SK
082
_a
574
100
_a
បឿយ ផល
245
_a
Forest ecology; អេកូឡូស៊ីព្រៃឈើ
260
_a
RUA
_b
បឿយ
_c
2008
942
_c
KB
999
_c
10173
_d
10173